000 01113nam a2200289Ia 4500
003 OSt
005 20221007123240.0
006 a|||||r|||| 00| 0
007 ta
008 221006b |||||||| |||| 00| 0 eng d
020 _a0074622439 (pbk)
_cRs.199.00
024 _a4214
037 _bShankar's,
_cTextual
040 _aPAPL
_cPAPL
_beng
041 _2eng
_aeng
082 _aD65,2, K7-;3
100 _aMillman Jacob
_9423112
245 0 _aElectronic devices and circuits by Jacob Millman and Christos C Halkias
_b Halkias Christos C
260 _aNew
_bDelhi Tata McGraw-Hill Publishing Company Ltd
_c1967
300 _axiii,752p
_ccm.
500 _aIncludes bibliographical references; Index 745-752p; ^n23/CSL/Carpa/96-97/3683^d1996-11-06^mPurchase; ; 96-97/280^b1996-12-10^c3551^d1996-11-19^eShankar's Books Agency Pvt Ltd; ; 1996-12-18^bSB^c1996-12-18^r1997-01-29
650 _a Circuits
_9473600
650 _aElectronics
700 _a Halkias Christos C
942 _hD65,2, K7-;3
_cTEXL
_2CC
999 _c1211592
_d1211592